000 00383nam a2200145Ia 4500
005 20250320230114.0
008 240331s9999 xx 000 0 und d
082 _bPAR
_a894
245 0 _aParisuk kathaikal
260 _aTrincomalee
_bVadakku- Kilakku Pathpigga thinaikalam
_c1994
300 _a93 p .,
650 _aShort Stories
700 _aEthirmannasingham, S
_eedt
942 _cL
999 _c3827
_d3827